Loading...

Fertigation and mulching in oriental pickling melon (Cucumis melo var. conomon (L.) Makino) under high density planting

Bibliographic Details
Main Author: Ashly P
Other Authors: Joseph, P A (Guide)
Format: Ph.D Thesis
Published: Vellanikkara Department of Agronomy 2016
Subjects:
LEADER 00581nam a22001577a 4500
082 |a 630  |b ASH/FE 
100 |a Ashly P 
245 |a Fertigation and mulching in oriental pickling melon (Cucumis melo var. conomon (L.) Makino) under high density planting 
260 |a Vellanikkara  |b Department of Agronomy  |c 2016 
300 |a 123p 
502 |a MSc 
650 |a Agronomy 
700 |a Joseph, P A (Guide) 
942 |2 ddc  |c TH 
999 |c 157674  |d 157674 
952 |0 0  |1 0  |4 0  |6 630_000000000000000_ASHFE  |7 1  |8 REF  |9 157357  |a KAUCLV  |b KAUCLV  |c THESES  |d 2017-10-24  |o 630 ASH/FE  |p 173874  |r 2017-10-24  |w 2017-10-24  |y TH